000 00930cab a2200289 4500
001 ABS58932
008 090401t1998 xxu||||| |||| 00| 0 eng d
035 _a(Sirsi) u86949
041 _aeng
245 _aAmerican players settle in for the long haul
260 _c1998
350 _a0
490 _aEuroProperty
_vJune 1998, 25-30(6)
520 _aA series of articles reviews the current investment by US funds in Europe`s property markets. Discusses US opportunity funds, interest by US investors in owning equity in private or quoted European property companies, and lease implications.
650 _aEURO
650 _aEUROPE
650 _aGLOBAL COMPANIES
650 _aINSTITUTIONAL INVESTMENT
650 _aLEASES
650 _aOPPORTUNITY FUNDS
650 _aSECURITISATION
650 _aUS INVESTORS
650 _aVULTURE FUNDS
690 _aOVERSEAS-EUROPE
942 _n0
948 _c23/06/1998
999 _c54756
_d54756